000 01322cam a22003374a 4500
999 _c4029
_d4029
001 14166482
003 Nust
005 20170105101618.0
008 051109s2005 enka 000 1 eng
010 _a 2005055330
020 _a9780141048956 (pbk)
035 _a(OCoLC)ocm62302549
040 _aDLC
_cDLC
_dIG#
_dBAKER
_dBTCTA
_dYDXCP
_dOCLCG
_dNLE
_dDLC
041 1 _aeng
_htur
042 _apcc
050 0 0 _aPL248.S474
_bB5813 2005
082 _a823
_bSHA
100 1 _aShafak, Elif,
_d1971-
240 1 0 _aBit palas.
_lEnglish
245 1 4 _aThe flea palace /
_cby Elif Shafak ; translated by Müge Gö\76\cek.
260 _aLondon ;
_aNew York :
_bMarion Boyars,
_c2005.
300 _a444 p. :
_bill. ;
_c20 cm.
500 _aTranslation of: Bit palas.
651 0 _aIstanbul (Turkey)
_xSocial conditions
_vFiction.
700 1 _aGöçek, Müge.
856 4 2 _3Contributor biographical information
_uhttp://www.loc.gov/catdir/enhancements/fy1010/2005055330-b.html
856 4 2 _3Publisher description
_uhttp://www.loc.gov/catdir/enhancements/fy1010/2005055330-d.html
906 _a7
_bcbc
_corignew
_d1
_eocip
_f20
_gy-gencatlg
942 _2ddc
_cBK